00773cam a22002171 4500001001300000003000400013005001700017008004100034010001700075025001900092040002200111050002100133111009000154245001700244260006400261300003300325490006900358504002900427650002800456830007100484sa 67001822 DLC20260227112326.0850123s1965 ii a b f100 0 eng  asa 67001822  aPL480:I-E-6373 aDLC/ICUcICUdDLC00aQC454b.S95 19652 aSymposium on Spectroscopy at Radio and Microwave Frequenciesd(1964 :cBombay, India)00aProceedings. aNew Delhi,bNational Institute of Sciences of India,c1965. aviii, 123 p.billus.c24 cm.1 aBulletin of the National Institite of Sciences of India,vno. 30 aIncludes bibliographies. 0aMicrowave spectroscopy. 0aBulletin of the National Institute of Sciences of India ;vno. 30.